Analysis of the Relationship between Municipal Waste Production in the Slovak Republic and Its Recycling

Guardado en:
Detalles Bibliográficos
Autor principal: Rakovská, Júlia, 1972-
Formato: Capítulo de libro
Lenguaje:inglés
Materias:
Etiquetas: Agregar Etiqueta
Sin Etiquetas, Sea el primero en etiquetar este registro!

MARC

LEADER 00000naa$a2200000$$$4500
001 0314419
005 20260126075921.9
041 0 |a eng 
044 |a SK 
245 1 0 |a Analysis of the Relationship between Municipal Waste Production in the Slovak Republic and Its Recycling  |c Júlia Rakovská 
610 2 0 |a ekonómia 
610 2 0 |a manažment 
610 2 0 |a podnikanie 
610 2 0 |a digitalizácia 
610 2 0 |a financie 
100 1 |a Rakovská, Júlia, 1972-